[Event "4NCL Online Division 3"]
[Site "online"]
[Date "2021.10.19"]
[EventDate "2021.10.19"]
[Round "5.84"]
[White "Moore, Steve N"]
[WhiteElo "1876"]
[WhiteTeam "Broadland Falco Duboisi"]
[Black "Domi, Andel"]
[BlackElo "1940"]
[BlackTeam "Charlton Cobras A"]
[Result "1-0"]
[PlyCount "117"]

1. e4 e5 2. Nf3 Nc6 3. d4 exd4 4. Nxd4 Nxd4 5. Qxd4 d6 6. Bc4 Be6 7. O-O Bxc4 8. Qxc4 Nf6 9. Qb5+ Nd7 10. Qxb7 Be7 11. Nc3 O-O 12. Nd5 Rc8 13. Qxc8 Qxc8 14. Nxe7+ Kh8 15. Nxc8 Rxc8 16. Be3 Rb8 17. b3 a6 18. c4 h6 19. Rad1 Kh7 20. c5 Nf6 21. cxd6 cxd6 22. f3 Ne8 23. Rd3 a5 24. Rfd1 f6 25. Bf4 a4 26. bxa4 Rb4 27. Rd4 Rb2 28. R1d2 Rb1+ 29. Kf2 g5 30. Bxd6 Ng7 31. Rb4 Rc1 32. Rb7 Kg6 33. Rxg7+ Kxg7 34. a5 Kf7 35. Bb4 Rc6 36. Ke3 Ke6 37. Rd6+ Rxd6 38. Bxd6 Kxd6 39. Kd4 h5 40. a6 Kc6 41. a7 Kb7 42. Kd5 Kxa7 43. Ke6 g4 44. fxg4 hxg4 45. Kxf6 g3 46. hxg3 Kb6 47. g4 Ka5 48. g5 Ka4 49. g6 Ka3 50. g7 Kxa2 51. g8=Q+ Kb2 52. Qc4 Ka3 53. e5 Kb2 54. Qd3 Kc1 55. e6 Kb2 56. e7 Ka1 57. Qd2 Kb1 58. e8=Q Ka1 59. Qee1# 1-0

[Event "4NCL Online Division 3"]
[Site "online"]
[Date "2021.10.19"]
[EventDate "2021.10.19"]
[Round "5.91"]
[White "Murphy, James A"]
[WhiteElo "1960"]
[WhiteTeam "Urmston and Stretford"]
[Black "Eedle, Eric F"]
[BlackElo "1864"]
[BlackTeam "Barnet Knights B"]
[Result "0-1"]
[PlyCount "85"]

1. e4 c5 2. Nf3 Nc6 3. d4 cxd4 4. Nxd4 Nf6 5. Nc3 e5 6. Ndb5 d6 7. a4 Be7 8. Bc4 a6 9. Na3 O-O 10. O-O Rb8 11. f3 Nd4 12. Be3 Ne6 13. Nd5 Nxd5 14. exd5 Nf4 15. Qd2 Bg5 16. Kh1 f5 17. b4 Qf6 18. b5 h5 19. Rab1 axb5 20. Rxb5 h4 21. Rb6 Qh6 22. Re1 Rf6 23. Nb5 Rg6 24. Nc3 Nxg2 25. Bxg5 Rxg5 26. Rg1 h3 27. Rxd6 Qxd6 28. Qxg5 Bd7 29. Nb5 Bxb5 30. axb5 g6 31. Bb3 Kg7 32. c4 Ra8 33. Bc2 Rh8 34. Qg3 f4 35. Qg4 b6 36. Ra1 Rh5 37. Ra7+ Kh6 38. Ra8 Ne3 39. Rh8+ Kg7 40. Rxh5 Nxg4 41. Rg5 Ne3 42. Rxg6+ Qxg6 43. Bxg6 0-1

[Event "4NCL Online Division 3"]
[Site "online"]
[Date "2021.10.19"]
[EventDate "2021.10.19"]
[Round "5.92"]
[White "Vyas, Alisha"]
[WhiteElo "1725"]
[WhiteTeam "Barnet Knights B"]
[Black "Logan, Vincent"]
[BlackElo "1908"]
[BlackTeam "Urmston and Stretford"]
[Result "1-0"]
[PlyCount "169"]

1. e4 b6 2. Nf3 Bb7 3. d3 d6 4. Be2 e5 5. Nbd2 Nf6 6. Nf1 Nbd7 7. Ng3 g6 8. Bg5 Bg7 9. Qd2 Qe7 10. h4 h6 11. Be3 Ng4 12. h5 Nxe3 13. Qxe3 g5 14. Nf5 Qf8 15. Nh2 Nc5 16. f3 Ne6 17. g3 c5 18. c3 Bf6 19. Bd1 Bc6 20. Ng4 Bg7 21. Bb3 Bd7 22. Bd5 Rc8 23. Qf2 Bc6 24. Bb3 Bd7 25. a4 Nc7 26. Nge3 Be6 27. Qc2 Kd7 28. a5 b5 29. c4 b4 30. Ba4+ Kd8 31. Bc6 Bxf5 32. Nxf5 Ne6 33. Qa4 Nd4 34. Nxd4 exd4 35. a6 Be5 36. Kf2 Qe7 37. Bb7 Rb8 38. Qc6 Qc7 39. Qd5 Rf8 40. g4 f6 41. Ra4 Qf7 42. Qc6 Qd7 43. Rha1 Qxc6 44. Bxc6 Kc7 45. Bb7 Bf4 46. Ra5 Be3+ 47. Ke2 Bf4 48. Rb5 Be5 49. Raa5 Kd7 50. Bd5 Rfc8 51. Rb7+ Rxb7 52. axb7 Rb8 53. Rxa7 Kc7 54. Ra8 Bf4 55. Kd1 Be3 56. Kc2 Bf4 57. Kb3 Bc1 58. Kc2 Bf4 59. Kb1 Be3 60. Ka2 Bd2 61. Kb3 Bc1 62. Ra1 Be3 63. Ra6 Bf4 64. Ka4 Bc1 65. b3 Bf4 66. Kb5 Rxb7+ 67. Bxb7 Kxb7 68. Rb6+ Kc7 69. Ka6 Kd8 70. Rb8+ Ke7 71. Rh8 Kf7 72. Rxh6 Kg7 73. Rg6+ Kf7 74. Kb7 Be5 75. Kc8 Bf4 76. Kd8 Be5 77. Kd7 Bf4 78. Kc6 Be5 79. Kd5 Bf4 80. e5 Bxe5 81. Ke4 f5+ 82. gxf5 Bh8 83. h6 Be5 84. h7 Bg7 85. Kd5 1-0

[Event "4NCL Online Division 3"]
[Site "online"]
[Date "2021.10.19"]
[EventDate "2021.10.19"]
[Round "5.93"]
[White "Randall, Grant"]
[WhiteElo "1566"]
[WhiteTeam "Urmston and Stretford"]
[Black "Grose, Kameron"]
[BlackElo "1595"]
[BlackTeam "Barnet Knights B"]
[Result "0-1"]
[PlyCount "136"]

1. e4 e5 2. Nf3 Nc6 3. Bb5 a6 4. Ba4 Nf6 5. d3 b5 6. Bb3 Bc5 7. O-O d6 8. c3 O-O 9. Re1 Bg4 10. Nbd2 Na5 11. Bc2 Nc6 12. Nf1 Re8 13. Ng3 Qd7 14. h3 Bxf3 15. Qxf3 d5 16. Bg5 dxe4 17. dxe4 Re6 18. Bb3 Rd6 19. Rad1 Ne8 20. Nf5 Rxd1 21. Rxd1 Nd6 22. Qg4 Kf8 23. Bh6 Ke8 24. Qxg7 Kd8 25. Qf8+ Qe8 26. Bg5+ Kd7 27. Qxf7+ Qxf7 28. Bxf7 Rf8 29. Bb3 Na5 30. Bc2 Nc4 31. b4 Bb6 32. Bb3 Ke6 33. Ng7+ Kf7 34. Nf5 Ke6 35. Be3 Nxf5 36. Bxc4+ bxc4 37. exf5+ Kxf5 38. Bxb6 cxb6 39. Rd6 Rb8 40. Rc6 b5 41. Rxa6 Ke4 42. Rd6 Ra8 43. Rb6 Kd3 44. Rxb5 Kxc3 45. Ra5 Rb8 46. a3 Kb3 47. Rc5 c3 48. Rxe5 c2 49. Rc5 Kb2 50. f4 c1=Q+ 51. Rxc1 Kxc1 52. Kf2 Kb2 53. g4 Kxa3 54. f5 Rf8 55. b5 Kb4 56. b6 Kb5 57. Kf3 Kxb6 58. Ke4 Kc6 59. Ke5 Kd7 60. g5 Ke7 61. h4 Rg8 62. f6+ Kf7 63. Kf5 Rd8 64. h5 Rd5+ 65. Kf4 h6 66. g6+ Kxf6 67. Kg4 Rg5+ 68. Kh4 Kg7 0-1

[Event "4NCL Online Division 3"]
[Site "online"]
[Date "2021.10.19"]
[EventDate "2021.10.19"]
[Round "5.94"]
[White "Sarkar, Rian"]
[WhiteElo "1539"]
[WhiteTeam "Barnet Knights B"]
[Black "Sumner, Stuart"]
[BlackElo "1501"]
[BlackTeam "Urmston and Stretford"]
[Result "1-0"]
[PlyCount "71"]

1. d4 Nf6 2. c4 e6 3. Nf3 d5 4. Nc3 Bb4 5. Bg5 h6 6. Bxf6 Qxf6 7. e3 Qd8 8. cxd5 exd5 9. Bb5+ c6 10. Be2 Qa5 11. Qc2 Bg4 12. O-O Nd7 13. a3 Bxc3 14. bxc3 Qc7 15. h3 Bh5 16. e4 Bg6 17. Bd3 dxe4 18. Bxe4 Bxe4 19. Qxe4+ Kf8 20. Rfe1 Nf6 21. Qf5 Re8 22. Qc5+ Kg8 23. Rxe8+ Nxe8 24. Re1 Nd6 25. Qxa7 Kh7 26. Qc5 b6 27. Qh5 Kg8 28. c4 g6 29. Qe5 Qd8 30. c5 bxc5 31. dxc5 Nb7 32. Qc3 Kh7 33. Ne5 Qc7 34. Ng4 Qd8 35. Nf6+ Kg7 36. Ne8+ 1-0

[Event "4NCL Online Division 3"]
[Site "online"]
[Date "2021.10.19"]
[EventDate "2021.10.19"]
[Round "5.101"]
[White "Tennyson, John"]
[WhiteElo "1977"]
[WhiteTeam "Hackney Thirsty"]
[Black "Nunn, John D M"]
[BlackTitle "GM"]
[BlackElo "2573"]
[BlackTeam "Bude Surfers A"]
[Result "0-1"]
[PlyCount "54"]

1. c4 e5 2. g3 c6 3. Nc3 d5 4. d4 dxc4 5. dxe5 Qxd1+ 6. Nxd1 Na6 7. Ne3 Be6 8. f4 Nh6 9. Nf3 Nf5 10. Bg2 Nb4 11. Kf2 Bc5 12. Ne1 O-O-O 13. a3 Rd1 14. axb4 Bxe3+ 15. Bxe3 Rxa1 16. Nc2 Rxh1 17. Bxh1 Nxe3 18. Kxe3 Rd8 19. Nd4 Bd5 20. Be4 Kc7 21. f5 f6 22. e6 Bxe4 23. Kxe4 Rd5 24. g4 Kd6 25. e3 a5 26. Nc2 axb4 27. Nxb4 Rb5 0-1

[Event "4NCL Online Division 3"]
[Site "online"]
[Date "2021.10.19"]
[EventDate "2021.10.19"]
[Round "5.102"]
[White "Fink-Nunn, Petra"]
[WhiteTitle "WFM"]
[WhiteElo "2064"]
[WhiteTeam "Bude Surfers A"]
[Black "Domanski, Lukasz"]
[BlackElo "1995"]
[BlackTeam "Hackney Thirsty"]
[Result "1/2-1/2"]
[PlyCount "60"]

1. e4 Nf6 2. e5 Nd5 3. d4 d6 4. c4 Nb6 5. f4 g6 6. Nc3 Bg7 7. Be3 O-O 8. c5 dxc5 9. dxc5 Qxd1+ 10. Rxd1 N6d7 11. Nd5 Nc6 12. Nf3 Rd8 13. Nxc7 Rb8 14. Bc4 e6 15. Nb5 b6 16. cxb6 axb6 17. Nd6 Nc5 18. a3 Bf8 19. Nxc8 Rxd1+ 20. Kxd1 Rxc8 21. b4 Na4 22. Bb3 Nc3+ 23. Kd2 Nb5 24. Bxb6 Nxa3 25. Bc5 Nxb4 26. Bxf8 Kxf8 27. Ra1 Nc4+ 28. Bxc4 Rxc4 29. Ra8+ Kg7 30. g3 Nd5 1/2-1/2

[Event "4NCL Online Division 3"]
[Site "online"]
[Date "2021.10.19"]
[EventDate "2021.10.19"]
[Round "5.103"]
[White "Ciesielski, Marceli"]
[WhiteElo "1777"]
[WhiteTeam "Hackney Thirsty"]
[Black "Lingard, Geoffrey W"]
[BlackElo "1743"]
[BlackTeam "Bude Surfers A"]
[Result "1-0"]
[PlyCount "105"]

1. d4 Nf6 2. Bf4 d5 3. e3 c5 4. c3 Nbd7 5. Nd2 g6 6. h4 Qb6 7. Qc2 Nh5 8. Bh2 f5 9. Be2 Ndf6 10. Ngf3 Ng4 11. Ne5 Nxe5 12. Bxe5 Nf6 13. h5 g5 14. h6 Rg8 15. Bxf6 Qxf6 16. Bh5+ Kd8 17. dxc5 Bxh6 18. O-O-O Bg7 19. Bf3 Be6 20. Nb3 Qf7 21. Rxh7 f4 22. e4 g4 23. exd5 Bf5 24. Be4 Bxh7 25. Bxh7 Rh8 26. Be4 Kc7 27. Na5 Rab8 28. Qb3 Qh5 29. d6+ exd6 30. cxd6+ Kd7 31. Nxb7 Qe5 32. Qa4+ Ke6 33. Nc5+ Qxc5 34. Bd5+ Qxd5 35. Rxd5 Kxd5 36. d7 Ra8 37. c4+ Kc5 38. Qb5+ Kd6 39. Qd5+ Ke7 40. c5 Rab8 41. b3 Rh1+ 42. Kc2 Ra1 43. Qd6+ Kf7 44. Qxb8 Rxa2+ 45. Kd3 Bf6 46. d8=Q Bxd8 47. Qxd8 Ra1 48. Qd5+ Kg6 49. Qd6+ Kf7 50. Qxf4+ Ke6 51. Qxg4+ Kd5 52. Qd4+ Kc6 53. Qxa1 1-0

[Event "4NCL Online Division 3"]
[Site "online"]
[Date "2021.10.19"]
[EventDate "2021.10.19"]
[Round "5.104"]
[White "Rescorla, Ian R"]
[WhiteElo "1645"]
[WhiteTeam "Bude Surfers A"]
[Black "Scott, David"]
[BlackElo "1818"]
[BlackTeam "Hackney Thirsty"]
[Result "0-1"]
[PlyCount "84"]

1. d4 d5 2. e4 dxe4 3. Nc3 Nf6 4. f3 exf3 5. Qxf3 a6 6. Be3 Nc6 7. h3 Nxd4 8. Bxd4 Qxd4 9. Rd1 Qe5+ 10. Be2 e6 11. Qd3 Bd6 12. Nf3 Qg3+ 13. Kf1 O-O 14. Ne4 Nxe4 15. Qxe4 Bc5 16. Nd4 e5 17. Rd3 Qg5 18. Nb3 Bb6 19. Rf3 Bd7 20. Bd3 Qh6 21. Rg3 Bc6 22. Qg4 Qf4+ 23. Ke2 Qxg4+ 24. Rxg4 f5 25. Rh4 Kh8 26. c4 Be8 27. c5 Ba7 28. Rf1 g6 29. g4 f4 30. Be4 Rb8 31. g5 Bb5+ 32. Bd3 Rbd8 33. Bxb5 axb5 34. Nd2 Bxc5 35. Ne4 Be7 36. Rg4 Rd4 37. Kf3 Rd3+ 38. Kg2 Re3 39. Nc3 Rd8 40. Rf2 b4 41. Ne2 Bc5 42. Kh2 Rd2 0-1

[Event "4NCL Online Division 3"]
[Site "online"]
[Date "2021.10.19"]
[EventDate "2021.10.19"]
[Round "5.111"]
[White "Bimpson, Tom"]
[WhiteElo "1959"]
[WhiteTeam "Spirit of Atticus B"]
[Black "George, Ian M"]
[BlackElo "1844"]
[BlackTeam "Camborne Trevithick"]
[Result "0-1"]
[PlyCount "86"]

1. d4 Nf6 2. Bf4 d5 3. e3 c5 4. c3 Qb6 5. Qb3 c4 6. Qc2 g6 7. Nd2 Bf5 8. Qc1 Bg7 9. Ngf3 Nfd7 10. Be2 O-O 11. O-O Nc6 12. e4 dxe4 13. Nxc4 Qd8 14. Nfd2 e5 15. dxe5 Bxe5 16. Bg3 Bxg3 17. hxg3 Nde5 18. Ne3 Nd3 19. Qc2 Nce5 20. g4 Nf4 21. Bd1 Bd7 22. Nxe4 Bc6 23. g5 Bxe4 24. Qxe4 Qxg5 25. g3 Ne6 26. Qg2 Nc6 27. Bf3 Rac8 28. Rad1 Rfd8 29. Bd5 Ng7 30. b4 Nf5 31. Nxf5 Qxf5 32. a3 Qf6 33. c4 Ne5 34. c5 b6 35. Bb7 Rxd1 36. Rxd1 Rc7 37. Rd6 Qe7 38. Bd5 bxc5 39. bxc5 Rxc5 40. Ra6 Qd7 41. Bb3 Rc1+ 42. Kh2 Ng4+ 43. Kh3 Ne3+ 0-1

[Event "4NCL Online Division 3"]
[Site "online"]
[Date "2021.10.19"]
[EventDate "2021.10.19"]
[Round "5.112"]
[White "Morgan, Jamie"]
[WhiteElo "1754"]
[WhiteTeam "Camborne Trevithick"]
[Black "Buckley, Colm"]
[BlackElo "1910"]
[BlackTeam "Spirit of Atticus B"]
[Result "1-0"]
[PlyCount "91"]

1. e4 e6 2. d4 d5 3. exd5 exd5 4. Nf3 Nf6 5. Bd3 Be7 6. O-O O-O 7. Bg5 h6 8. Bh4 Nc6 9. c3 Re8 10. Re1 Bg4 11. Nbd2 Qd7 12. Qc2 Nh5 13. Bxe7 Rxe7 14. Rxe7 Qxe7 15. Re1 Qd6 16. g3 Nf6 17. Ne5 Re8 18. f4 Nxe5 19. Rxe5 Bd7 20. Nf3 c5 21. Qe2 cxd4 22. Rxe8+ Bxe8 23. Nxd4 Bc6 24. Nxc6 bxc6 25. b4 c5 26. a3 cxb4 27. axb4 Qc6 28. Qe3 Qc7 29. Qd4 Qe7 30. Kf1 g6 31. h3 h5 32. Kf2 Kg7 33. g4 hxg4 34. hxg4 Kg8 35. g5 Nh5 36. Qe3 Qd7 37. Qe2 Nxf4 38. Qf3 Ne6 39. Qf6 Qd8 40. Ke3 Qb6+ 41. Kd2 d4 42. cxd4 Qxb4+ 43. Ke3 Qe1+ 44. Be2 Qg1+ 45. Ke4 Qg4+ 46. Bxg4 1-0

[Event "4NCL Online Division 3"]
[Site "online"]
[Date "2021.10.19"]
[EventDate "2021.10.19"]
[Round "5.113"]
[White "Lee, James"]
[WhiteElo "1863"]
[WhiteTeam "Spirit of Atticus B"]
[Black "Healey, Grant"]
[BlackElo "1778"]
[BlackTeam "Camborne Trevithick"]
[Result "1-0"]
[PlyCount "71"]

1. d4 d6 2. Nf3 g6 3. Nbd2 Bg7 4. e4 Nc6 5. c3 Bg4 6. Qb3 Rb8 7. h3 Bd7 8. Bd3 e6 9. O-O Nge7 10. Nh2 O-O 11. Qc2 f5 12. f4 e5 13. d5 Nxd5 14. exd5 Ne7 15. fxe5 dxe5 16. Bc4 Kh8 17. Ndf3 b5 18. Bb3 a5 19. a3 c5 20. dxc6 Qb6+ 21. Kh1 Bxc6 22. Qf2 Qc7 23. Ng5 Qd7 24. Nxh7 Bd5 25. Qh4 Kg8 26. Nxf8 Rxf8 27. Bxd5+ Nxd5 28. Bh6 e4 29. Rad1 Qe6 30. Ng4 f4 31. Bxg7 Kxg7 32. Rxd5 Rh8 33. Qf6+ Qxf6 34. Nxf6 Kxf6 35. Rxf4+ Ke6 36. Rxb5 1-0

[Event "4NCL Online Division 3"]
[Site "online"]
[Date "2021.10.19"]
[EventDate "2021.10.19"]
[Round "5.114"]
[White "Williams, Philip J"]
[WhiteElo "1834"]
[WhiteTeam "Camborne Trevithick"]
[Black "White, Colin"]
[BlackElo "1614"]
[BlackTeam "Spirit of Atticus B"]
[Result "1-0"]
[PlyCount "55"]

1. c4 Nf6 2. Nc3 g6 3. d4 Bg7 4. e4 d6 5. Nf3 O-O 6. Be2 c5 7. O-O Nc6 8. d5 Nb4 9. a3 Na6 10. h3 Nc7 11. Qc2 Nfe8 12. Bf4 f5 13. e5 h6 14. e6 a6 15. a4 b6 16. Bd2 Bb7 17. Rac1 b5 18. b3 b4 19. Nd1 Nxd5 20. cxd5 Bxd5 21. Nh4 Kh7 22. Bc4 Bb7 23. g4 Bf6 24. Nxg6 Kxg6 25. Qxf5+ Kg7 26. Bd3 Rh8 27. Qg6+ Kf8 28. Qf7# 1-0

[Event "4NCL Online Division 3"]
[Site "online"]
[Date "2021.10.19"]
[EventDate "2021.10.19"]
[Round "5.121"]
[White "Sivanandan, Bodhana"]
[WhiteElo "1588"]
[WhiteTeam "Harrow 3"]
[Black "Kynoch, Richard"]
[BlackElo "1862"]
[BlackTeam "Dundee City B"]
[Result "0-1"]
[PlyCount "134"]

1. e4 d5 2. exd5 Qxd5 3. Nc3 Qa5 4. d4 Nf6 5. Nf3 c6 6. Ne5 Be6 7. Bc4 Bxc4 8. Nxc4 Qc7 9. Qf3 Nbd7 10. g4 Nb6 11. Bf4 Qd8 12. Ne5 Nfd5 13. Nxd5 Qxd5 14. Qxd5 Nxd5 15. Bd2 f6 16. Nd3 O-O-O 17. O-O-O Nb6 18. c3 e5 19. Be3 exd4 20. Bxd4 Bd6 21. Bc5 Rhe8 22. Bxd6 Rxd6 23. Nc5 Rd5 24. Nd3 Nc4 25. Nf4 Rde5 26. Rd4 Re4 27. Rhd1 c5 28. Rxe4 Rxe4 29. Nh5 Rxg4 30. b3 Ne5 31. Ng3 Rf4 32. Rd2 Rxf2 33. Rxf2 Nd3+ 34. Kd2 Nxf2 35. Nh5 Ng4 36. h3 Nf2 37. h4 g5 38. hxg5 fxg5 39. Ke3 Nh3 40. Kf3 Nf4 41. Nxf4 gxf4 42. Kxf4 Kd7 43. Kg5 Ke6 44. Kh6 Ke5 45. Kxh7 Ke4 46. c4 Kd3 47. Kg6 Kc3 48. Kf5 Kb2 49. Ke6 Kxa2 50. Kd5 b6 51. Kc6 Kxb3 52. Kb5 Kc3 53. Ka4 Kxc4 54. Ka3 Kd3 55. Kb2 c4 56. Kc1 Kc3 57. Kb1 Kd2 58. Ka2 c3 59. Kb3 c2 60. Ka4 c1=Q 61. Kb5 a5 62. Kxb6 a4 63. Kb7 a3 64. Kb6 a2 65. Kb7 a1=Q 66. Kb6 Qab2+ 67. Ka5 Qca1# 0-1

[Event "4NCL Online Division 3"]
[Site "online"]
[Date "2021.10.19"]
[EventDate "2021.10.19"]
[Round "5.122"]
[White "Babin, Andre"]
[WhiteElo "1863"]
[WhiteTeam "Dundee City B"]
[Black "Nettleton, Robin"]
[BlackElo "1394"]
[BlackTeam "Harrow 3"]
[Result "1-0"]
[PlyCount "71"]

1. c4 g6 2. g3 Bg7 3. Bg2 c6 4. Nc3 e6 5. d4 d5 6. Nf3 Nd7 7. Bg5 Bf6 8. Bxf6 Ngxf6 9. b3 Qa5 10. Qd2 Ne4 11. Nxe4 Qxd2+ 12. Nexd2 O-O 13. O-O f6 14. cxd5 exd5 15. e4 dxe4 16. Nxe4 Nb6 17. Rfe1 Bf5 18. Nd6 Rab8 19. Nxf5 gxf5 20. Nh4 Rbd8 21. Nxf5 Kf7 22. Re7+ Kg6 23. g4 Rd7 24. Rae1 Rfd8 25. h3 Nc8 26. Rxd7 Rxd7 27. Re8 Nd6 28. Rg8+ Kf7 29. Rg7+ Ke6 30. Rxd7 Kxd7 31. Nxd6 Kxd6 32. Kf1 b5 33. b4 h6 34. Ke2 Kc7 35. Ke3 Kd6 36. Kf4 1-0

[Event "4NCL Online Division 3"]
[Site "online"]
[Date "2021.10.19"]
[EventDate "2021.10.19"]
[Round "5.123"]
[White "Dilukshan, Manoharan"]
[WhiteElo "1392"]
[WhiteTeam "Harrow 3"]
[Black "Dawson, Alastair"]
[BlackElo "1833"]
[BlackTeam "Dundee City B"]
[Result "0-1"]
[PlyCount "38"]

1. e4 c6 2. Nf3 d5 3. exd5 cxd5 4. d4 Bg4 5. h3 Bxf3 6. Qxf3 Nc6 7. Bb5 Qa5+ 8. Nc3 e6 9. Bxc6+ bxc6 10. Bd2 Qb6 11. O-O-O Rb8 12. Na4 Qb5 13. Qb3 Nf6 14. Qxb5 cxb5 15. Nc5 b4 16. b3 a5 17. f4 Bxc5 18. dxc5 Ne4 19. Rhf1 Nxc5 0-1

[Event "4NCL Online Division 3"]
[Site "online"]
[Date "2021.10.19"]
[EventDate "2021.10.19"]
[Round "5.124"]
[White "Dawson, Euan"]
[WhiteElo "1847"]
[WhiteTeam "Dundee City B"]
[Black "Walker, David J R"]
[BlackElo "1282"]
[BlackTeam "Harrow 3"]
[Result "1-0"]
[PlyCount "61"]

1. e4 c5 2. Nc3 d6 3. g3 Nf6 4. Bg2 e6 5. Nge2 Be7 6. O-O O-O 7. d3 Nc6 8. h3 Re8 9. f4 Rb8 10. a4 Qb6 11. Kh1 a6 12. g4 h6 13. g5 hxg5 14. fxg5 Nd7 15. Ng3 Nde5 16. Nce2 Qd8 17. h4 d5 18. Nf4 Bxg5 19. hxg5 Qxg5 20. Nfh5 Qe7 21. Kg1 Qh4 22. Rf4 Qe7 23. Nxg7 Qg5 24. N7h5 Kh8 25. Rxf7 Qg6 26. Rf6 Qg8 27. Rh6+ Qh7 28. Rxh7+ Kxh7 29. Qd2 Ng4 30. Qg5 Nce5 31. Qg7# 1-0

[Event "4NCL Online Division 3"]
[Site "online"]
[Date "2021.10.19"]
[EventDate "2021.10.19"]
[Round "5.131"]
[White "Hulme, David I"]
[WhiteElo "1752"]
[WhiteTeam "Crewe AOL"]
[Black "Dasgupta, Avyukt"]
[BlackElo "1723"]
[BlackTeam "Watford Juniors A"]
[Result "0-1"]
[PlyCount "122"]

1. e4 e6 2. d4 d5 3. exd5 exd5 4. Bd3 Bd6 5. Qe2+ Qe7 6. Nc3 c6 7. Nf3 Bg4 8. Qxe7+ Nxe7 9. Ne5 Bf5 10. g4 Bxd3 11. Nxd3 Ng6 12. f4 f6 13. f5 Ne7 14. Bf4 Bxf4 15. Nxf4 Nd7 16. Ne6 Kf7 17. Ne2 g6 18. N2f4 gxf5 19. h3 fxg4 20. hxg4 Ng6 21. O-O-O Rae8 22. Rdf1 Rxe6 23. Nxe6 Kxe6 24. Rh6 Kf7 25. Rh5 Kg7 26. Re1 Rf8 27. Reh1 Rh8 28. Re1 Rd8 29. Kd2 Ndf8 30. Rh2 Kf7 31. Rf1 Rd6 32. g5 Kg7 33. Rhf2 Nd7 34. gxf6+ Rxf6 35. Rxf6 Nxf6 36. Ke3 Kf7 37. a4 h5 38. b3 h4 39. c4 Ke6 40. Rg1 Kf5 41. Rf1+ Kg5 42. Rg1+ Kh5 43. cxd5 Nxd5+ 44. Ke4 Ndf4 45. Kf5 h3 46. Rg5+ Kh6 47. Rg1 Ng2 48. Kg4 N6f4 49. Kf3 Kg5 50. Rh1 Kh4 51. Kf2 Kg4 52. Rd1 a5 53. Rh1 Nh5 54. Rd1 Ng3 55. Rd3 Ne4+ 56. Kg1 Nf4 57. Re3 Ng5 58. Re8 Nh5 59. Rg8 Kh4 60. Rh8 Nf3+ 61. Kf2 Nxd4 0-1

[Event "4NCL Online Division 3"]
[Site "online"]
[Date "2021.10.19"]
[EventDate "2021.10.19"]
[Round "5.132"]
[White "Keerthi Kumar, Advait"]
[WhiteElo "1415"]
[WhiteTeam "Watford Juniors A"]
[Black "Lockett, Karl"]
[BlackElo "1817"]
[BlackTeam "Crewe AOL"]
[Result "1-0"]
[PlyCount "59"]

1. e4 b6 2. d4 Bb7 3. Nc3 e6 4. Nf3 Bb4 5. Bd3 Nf6 6. Qe2 d5 7. e5 Ne4 8. Bd2 Nxc3 9. Bxc3 Bxc3+ 10. bxc3 Nc6 11. O-O Na5 12. Rfe1 c5 13. Bb5+ Bc6 14. Bxc6+ Nxc6 15. Qb5 Qc7 16. c4 dxc4 17. dxc5 a6 18. Qxb6 Qxb6 19. cxb6 Rb8 20. Rab1 Ke7 21. Nd2 c3 22. Nc4 Nd4 23. Ne3 Rb7 24. a4 a5 25. Red1 Nc6 26. Nc4 Nb4 27. Nxa5 Rxb6 28. Rxb4 Rxb4 29. Nc6+ Ke8 30. Rd8# 1-0

[Event "4NCL Online Division 3"]
[Site "online"]
[Date "2021.10.19"]
[EventDate "2021.10.19"]
[Round "5.134"]
[White "McKechnie, Joel"]
[WhiteElo "1303"]
[WhiteTeam "Watford Juniors A"]
[Black "Layhe, Simon"]
[BlackElo "1690"]
[BlackTeam "Crewe AOL"]
[Result "0-1"]
[PlyCount "82"]

1. d4 d5 2. Bf4 c5 3. e3 cxd4 4. exd4 Nc6 5. Nf3 Bg4 6. Be2 Qb6 7. Nc3 e6 8. Nb5 Rc8 9. Rb1 a6 10. Nd6+ Bxd6 11. Bxd6 Bxf3 12. Bxf3 Nxd4 13. Be5 Nxc2+ 14. Kf1 f6 15. Bg3 Qd4 16. Kg1 Qxd1+ 17. Rxd1 Ne7 18. h3 Kf7 19. Kh2 Nf5 20. Bh5+ g6 21. Bg4 Nxg3 22. fxg3 f5 23. Be2 Ne3 24. Rc1 Rhd8 25. b3 d4 26. Bf3 Rxc1 27. Rxc1 Rd7 28. Re1 e5 29. Bd1 Nxd1 30. Rxd1 e4 31. Kg1 e3 32. Kf1 d3 33. Ke1 Ke6 34. h4 Ke5 35. a3 f4 36. gxf4+ Kxf4 37. a4 Kg3 38. Rb1 Kxg2 39. Rb2+ d2+ 40. Kd1 Kf2 41. Rc2 e2# 0-1

[Event "4NCL Online Division 3"]
[Site "online"]
[Date "2021.10.19"]
[EventDate "2021.10.19"]
[Round "5.141"]
[White "Dobbie, Graham"]
[WhiteElo "1823"]
[WhiteTeam "East Kilbride Strollers"]
[Black "Stoker, Andrew J"]
[BlackElo "2023"]
[BlackTeam "Manchester Manticores"]
[Result "0-1"]
[PlyCount "172"]

1. c4 g6 2. Nc3 Bg7 3. g3 Nf6 4. Bg2 d6 5. e4 c6 6. Nge2 O-O 7. O-O Qa5 8. d3 Qh5 9. f3 e5 10. Be3 g5 11. Qd2 h6 12. g4 Qg6 13. Ng3 Be6 14. b3 d5 15. cxd5 cxd5 16. Nb5 Nc6 17. Nd6 dxe4 18. fxe4 Nxg4 19. Nxb7 Nxe3 20. Qxe3 Nd4 21. Rac1 Rac8 22. Nd6 Rcd8 23. Ndf5 Bxf5 24. exf5 Qb6 25. Kh1 Rc8 26. Qd2 Rfd8 27. Ne4 Bf8 28. Nxg5 Rxc1 29. Qxc1 Ne2 30. Qd2 Nf4 31. Ne4 Rxd3 32. Qe1 Re3 33. Qh4 Nxg2 34. Nf6+ Kg7 35. Nh5+ Kh8 36. Kxg2 Qc6+ 37. Kg1 Bc5 38. Qf6+ Qxf6 39. Nxf6 Rxb3+ 40. Kg2 Rb2+ 41. Kf3 Rxa2 42. Rb1 Kg7 43. Ne4 Bb6 44. f6+ Kg6 45. Rb5 Ra5 46. Rb2 Kf5 47. Nd6+ Kxf6 48. Nc4 Rc5 49. Nxb6 axb6 50. Rxb6+ Kg5 51. h4+ Kxh4 52. Rf6 Rc7 53. Rxh6+ Kg5 54. Rh8 f5 55. Rg8+ Kf6 56. Ra8 Rc3+ 57. Kf2 f4 58. Rf8+ Kg5 59. Re8 Kf5 60. Rf8+ Ke4 61. Ra8 Rc2+ 62. Ke1 Kf3 63. Ra3+ Kg4 64. Kd1 Rb2 65. Ra4 Rb8 66. Ke2 Re8 67. Re4 Kf5 68. Ra4 e4 69. Ra5+ Kg4 70. Ra7 Re5 71. Rg7+ Rg5 72. Re7 e3 73. Rf7 Rd5 74. Rg7+ Kf5 75. Rf7+ Ke4 76. Re7+ Re5 77. Ra7 f3+ 78. Kf1 Rb5 79. Re7+ Kd4 80. Rd7+ Kc5 81. Rc7+ Kd6 82. Rc1 Rd5 83. Ra1 Ke5 84. Ke1 Ke4 85. Ra4+ Rd4 86. Ra8 f2+ 0-1

[Event "4NCL Online Division 3"]
[Site "online"]
[Date "2021.10.19"]
[EventDate "2021.10.19"]
[Round "5.142"]
[White "Reed, John"]
[WhiteElo "1878"]
[WhiteTeam "Manchester Manticores"]
[Black "Robertson, Jim"]
[BlackElo "1703"]
[BlackTeam "East Kilbride Strollers"]
[Result "1-0"]
[PlyCount "95"]

1. d4 d5 2. c4 e6 3. Nc3 f5 4. cxd5 exd5 5. Bf4 c6 6. e3 Nf6 7. Nf3 Bd6 8. Bxd6 Qxd6 9. Bd3 O-O 10. O-O Ne4 11. Ne5 Nd7 12. f4 Ndf6 13. Rc1 Be6 14. Qc2 Rae8 15. Nxe4 fxe4 16. Be2 Qd8 17. Qc5 a6 18. b4 Nd7 19. Qc3 Rf6 20. a4 Rh6 21. Qe1 Nxe5 22. fxe5 Qg5 23. Qf2 Qe7 24. b5 axb5 25. axb5 Bd7 26. bxc6 Rxc6 27. Rxc6 Bxc6 28. Bg4 Bd7 29. Bd1 Rf8 30. Qxf8+ Qxf8 31. Rxf8+ Kxf8 32. Bb3 Bc6 33. Kf2 g6 34. Ke2 Ke7 35. Kd2 Ke6 36. Kc3 b6 37. Kb4 h6 38. Ba4 Kd7 39. Bb5 Kc7 40. e6 Bxb5 41. Kxb5 Kd6 42. Kxb6 h5 43. h4 Kxe6 44. Kc6 Kf5 45. Kxd5 Kg4 46. Kxe4 Kxh4 47. d5 Kg5 48. Ke5 1-0

[Event "4NCL Online Division 3"]
[Site "online"]
[Date "2021.10.19"]
[EventDate "2021.10.19"]
[Round "5.143"]
[White "Stewart, Alastair G"]
[WhiteElo "1576"]
[WhiteTeam "East Kilbride Strollers"]
[Black "Sheppard, Daniel C"]
[BlackElo "1872"]
[BlackTeam "Manchester Manticores"]
[Result "1-0"]
[PlyCount "73"]

1. d4 Nf6 2. Nf3 e6 3. e3 d5 4. Bd3 c5 5. c3 Nc6 6. Nbd2 Bd6 7. O-O Qc7 8. dxc5 Bxc5 9. b4 Bd6 10. Bb2 Ng4 11. h3 Nge5 12. Nxe5 Bxe5 13. Qb1 h5 14. b5 Ne7 15. c4 b6 16. Rc1 Qd6 17. Bxe5 Qxe5 18. c5 bxc5 19. Rxc5 g5 20. Nc4 Qf6 21. Nd6+ Kf8 22. Qd1 g4 23. Rac1 Bd7 24. Rc7 Be8 25. hxg4 hxg4 26. Qxg4 Rh4 27. Qf3 Qe5 28. g3 Ra4 29. Rd7 Qg7 30. Rb7 Qe5 31. Nxe8 Rxe8 32. Rcc7 Rxa2 33. Bg6 Qg7 34. Bh5 Ra1+ 35. Kg2 Qh7 36. Qf6 Qe4+ 37. Bf3 1-0